000 01363nam0a2200361 i 4500
001 RU\NLR\BIBL_A\011221048
005 20240921185739.0
010 _a9785443906881
_91000
021 _aRU
_b2016-70325
_94532
035 _a(NILC)RuMoRGB-008617544
035 _a(NLR Aleph) 011221048
090 _a12025115
_c12025115
100 _a20160929d2017 km y0rusy50 ca
101 1 _arus
_ceng
102 _aRU
105 _aa z 001zy
200 1 _aСтруктура и случайность
_e[эссе на различные темы из математики и физики]
_fТ. Тао
_gпер. с англ. Н. В. Цилевич
205 _aИзд. 2-е, стер.
210 _aМосква
_cИзд-во МЦНМО
_d2017
_d[т.е. 2016]
215 _a359 с.
_cил.
_d22
300 _aФактическая дата выхода в свет - 2016
313 _aПо пред.изд.
320 _aБиблиогр.: с. 335-352 (324 назв.)
320 _aАлф. указ.: с. 353-359
606 1 _aФизико-математические науки
_xФилософские вопросы
_92205890
_3RU\NLR\AUTH\661325314
675 _a5
686 1 _aВ.в
700 1 _aТао
_bТ.
_f1975-
_gТеренс
801 0 _aRU
_bРГБ
_c20160913
_gRCR
942 _cBOOK
980 _aNBR